000
00293nam a2200121Ia 4500
008
230303s9999 xx 000 0 und d
041
_a
eng
082
_a
621.86 RAJ
100
_a
Rajput ( R.K )
245
_a
Electrical Engineering Materials
260
_a
BANGLORE
_b
LAXMI PUB.
365
_c
RS
999
_c
216432
_d
216432